1060 1005 1089 1626 1367 1125 1434 1629 1697 1399 1327 1324 1177 1553 1263 1016 1504 1041 1744 1789 1358 1671 1259 1363 1842 1216 1729 1635 1031 1917 1396 1620 1955 1494 1328 1810 1197 1478 1780 1412 1604 1791 1168 1238 1614 1496 1087 1910 1776 1741 1686 1791 1031 1340 1111 1433 1381 1047 1650 1750 1440 1272 1360 1569 1585 1241 1861 1154 1301 1703 1246 1128 1360 1176 1462 1273 1171 1429 1727 1669 1308 1582 1943 1060 1229 1657 1899 1103 1961 1269 1206 1325 1087 1911 1753 1125 1490 1230 1442 BCNSPRNW ULIB Ver.6.0+V

เปลี่ยนเป็นภาษาไทย

Change to English
 แสดงรายละเอียดบรรณานุกรม
  กลับหน้าหลัก

Brief Record : Get Marc (ISO 2709) : E-mail record : QR code < ปิดหน้าต่าง
LEADER : 00000nam 2200000uu 4500
001    13399114027
003     ULIB
008    120110s||||||||th 000 0 tha d
020    9749578058
099    วพ.HM132^bส766ค
100 0  สุดใจ แสงสุนทร
245 00 ความสัมพันธ์ระหว่างความเครียดในงานและความยึดมั่นผูกพันต่อองค์การของพยาบาลประจำการโรงพยาบาลชุมชน จังหวัดฉะเชิงเทรา/^cสุดใจ แสงสุนทร
260    ชลบุรี :^bมหาวิทยาลัยบูรพา,^c2545
300    110 หน้า :^bตาราง
500    วิทยานิพนธ์
650  7 ความเครียด^xวิจัย
650  7 ความยึดมั่นผูกพันธ์ต่อองค์กร
710    มหาวิทยาลัยบูรพา
945    ^p0^l0^i030992
995    ทศพร
999 ^a ทศพร
รายการนี้ยังไม่มีแท็ก
คุณยังไม่ได้ล็อกอิน คุณสามารถมีกิจกรรมร่วมกับเว็บไซต์ได้ แต่ต้องล็อกอินก่อน ::
  ล็อกอิน

รายการสื่อสารสนเทศ

ลำดับที่ ประเภท เลขเรียก/บาร์โค้ด สถานที่ สถานะ
1. วิทยานิพนธ์
วิทยานิพนธ์
วพ.HM132 ส766ค ฉ.1 
  Barcode: 030992
ห้องสมุดวิทยาเขตสวรรค์ประชารักษ์
►วิจัย
บนชั้น

BibComment


ยังไม่เคยถูกคอมเมนท์

คอมเมนท์ทรัพยากรรายการนี้
  คอมเมนท์: ความสัมพันธ์ระหว่..


 Copyright 2026. Bcnsprnw @Library